[Event "Olympiad-40"]
[Site "Istanbul"]
[Date "2012.09.09"]
[Round "11.1"]
[White "Ivanchuk, Vassily"]
[Black "Wang, Hao"]
[Result "1-0"]
[WhiteElo "2769"]
[BlackElo "2726"]
[Annotator "Ftacnik,L"]
[PlyCount "55"]
[EventDate "2012.08.28"]
[EventType "team-swiss"]
[EventRounds "11"]
[EventCountry "TUR"]
[SourceTitle "CBM 151"]
[Source "ChessBase"]
[SourceDate "2012.11.13"]
[SourceVersion "1"]
[SourceVersionDate "2012.11.13"]
[SourceQuality "1"]
[WhiteTeam "Ukraine"]
[BlackTeam "China"]
[WhiteTeamCountry "UKR"]
[BlackTeamCountry "CHN"]

1. d4 Nf6 2. c4 e6 3. Nc3 Bb4 4. e3 O-O 5. Bd3 d5 6. Nf3 b6 7. a3 {Obtaining
the advantage against the extremely solid Nimz0-Indian Defence is a very
difficult task even for a player of Ivanchuk's class. The a-pawn advance is
considered in this opening to be a bit slow, but it forces Black to decide
what to do with the important b4-bishop.} Bxc3+ (7... Be7 8. cxd5 exd5 9. O-O (
9. Ne5 c5 10. O-O Bb7 11. Qf3 Nc6 12. Rd1 Qc7 13. Qg3 Nxe5 14. dxe5 Nh5 15. Qh3
g6 16. f4 Rad8 17. Bd2 Ng7 18. Be1 f6 $15 {1/2-1/2 Aleksandrov,A (2653)
-Khismatullin,D (2576)/Moscow 2006 (49)}) 9... Ba6 10. Bxa6 Nxa6 11. Ne5 Bd6
12. Nb5 c5 13. Nxd6 Qxd6 14. b3 cxd4 15. exd4 Nc7 16. a4 b5 17. Nd3 Rfc8 18.
Bf4 Qd8 19. Be5 a5 20. Nf4 $14 {1-0 Aleksandrov,A (2630)-Giorgadze,G/Saint
Vincent 2005 (74)}) (7... Bd6 8. e4 dxe4 9. Nxe4 Nbd7 10. O-O Bb7 11. Nxd6 cxd6
12. Bg5 h6 13. Bh4 d5 14. cxd5 Bxd5 15. Re1 Qc7 16. Ne5 Rfc8 17. Re3 Bb7 18.
Qd2 Nxe5 19. dxe5 $14 {1-0 Kortschnoj,V (2635)-Timman,J (2595)/Horgen 1995 (32)
}) 8. bxc3 c6 {Wang Hao has understandable respect for his legendary opponent.
This even results in the choice of a very cautious move enabling Black to
recapture on d5 with the c-pawn.} (8... dxc4 9. Bxc4 c5 (9... Bb7 10. O-O Nbd7
11. Re1 c5 12. Bd3 Ne4 13. Bb2 f5 14. c4 Qf6 15. Nd2 Rad8 16. f3 Ng5 17. Qe2
Qg6 18. Rad1 cxd4 19. exd4 Nh3+ 20. Kh1 Nf4 21. Qf1 $11 {1/2-1/2 Grigoriants,S
(2568)-Vallejo Pons,F (2666)/Calatrava 2006 (68)}) 10. O-O Qc7 11. Bd3 Bb7 12.
Bb2 (12. Re1 Be4 13. Bf1 Nc6 14. Bb2 Rad8 15. Nd2 Bg6 16. Qf3 e5 17. Rac1 Rfe8
$11 {0-1 Blomqvist,E (2454)-Swiercz,D (2585)/Golden Sands 2012 (42)}) 12...
Nbd7 13. Re1 Be4 14. Bf1 e5 15. Nd2 Bg6 16. e4 exd4 (16... Rad8 17. d5 Ne8 18.
c4 Nd6 19. a4 Rde8 20. Ra3 $16 {1/2-1/2 Kortschnoj,V (2630)-Huebner,R (2585)/
Manila 1990 (39)}) 17. cxd4 cxd4 18. Bxd4 Nc5 19. Rc1 Rad8 20. Bxc5 bxc5 21.
Qc2 Qf4 {0-1 Potkin,V (2619)-Grischuk,A (2733)/Mainz 2009 (36)} 22. Re2 $11) (
8... Ba6 9. cxd5 (9. O-O Bxc4 10. Bxc4 dxc4 11. Ne5 Nbd7 12. Nxc4 c5 13. a4 Qc7
14. Na3 Rfd8 15. Qf3 a6 16. e4 e5 17. d5 Ne8 18. Nc4 b5 19. Nb2 Nd6 $11 {
1/2-1/2 Sokolov,I (2610)-Piket,J (2609)/Wijk aan Zee 1999 (59)}) 9... Bxd3 10.
Qxd3 Qxd5 11. O-O (11. c4 Qe4 12. Qxe4 Nxe4 13. Nd2 Nd6 14. a4 Nd7 15. Ba3 {
1/2-1/2 Aleksandrov,A (2612)-Tomashevsky,E (2740)/Moscow 2012}) 11... c5 12.
Re1 Qe4 13. Qe2 Rc8 14. Bb2 Nbd7 15. Rac1 h6 16. Nd2 Qb7 17. e4 cxd4 18. cxd4
Rxc1 19. Rxc1 Rc8 20. Rxc8+ Qxc8 21. Qd3 $11 {1-0 Speelman,J (2610)-Ehlvest,J 
(2650)/Linares 1991 (60)}) 9. cxd5 (9. O-O Ba6 10. Qe2 (10. Qb3 c5 11. Rd1 Nc6
12. cxd5 Na5 13. Qb1 Bxd3 14. Qxd3 exd5 15. Ne5 Rc8 16. f3 Re8 17. a4 Qc7 18.
Ba3 Rxe5 19. dxe5 Qxe5 20. Bc1 $11 {1/2-1/2 Neuman,P (2463)-Hracek,Z (2624)/
Slovakia 2012 (44)}) 10... Nbd7 11. Rd1 Rc8 12. a4 c5 13. Ba3 Re8 14. Ne5 cxd4
15. cxd4 Qc7 16. cxd5 Bxd3 17. Nxd3 exd5 18. Rdc1 Qb7 19. a5 Rxc1+ 20. Bxc1 $11
{0-1 Dzagnidze,N (2516)-Hou,Y (2578)/Beijing 2011 (68)}) 9... cxd5 (9... exd5
10. a4 Ba6 11. Ba3 Re8 12. Bxa6 Nxa6 13. O-O $14) 10. Qe2 {White is trying to
keep the bishop pair, or at least make it more difficult for the enemy to
exchange the light squared pair.} (10. O-O Ba6 11. Bxa6 Nxa6 $11) 10... Nc6 {
The truly careful soul would have insisted on the well-known idea of the
bishop exchange via the a6-square after 10...a5!? It would certainly have
diminished the risk of a catastrophe.} (10... a5 $5 11. O-O Ba6 12. Bxa6 Nxa6
13. c4 dxc4 14. Qxc4 Qd6 $11) 11. O-O Na5 (11... Ne4 12. a4 f5 13. Ba3 $14) 12.
a4 Re8 (12... Nb3 13. Rb1 Nxc1 14. Rfxc1 Qd6 15. a5 $14) 13. Ne5 Ne4 14. f3 Nd6
(14... Nxc3 $2 15. Qc2 $18) 15. Ba3 Bb7 {It is much easier to be a wise
general after the battle and suggest sensible alternatives. Black has so far
avoided anything horrible and could have still hold full parity after the fine
move 15...f6!?} (15... f6 $5 16. Ng4 Ndc4 17. Bb4 Ba6 $11) 16. Bxd6 (16. Qc2 $5
f5 (16... g6 17. e4 Nac4 18. Bxc4 Nxc4 19. Nxc4 dxc4 20. Qe2 $16) 17. Bb4 Ndc4
18. Bxc4 Nxc4 19. Nxc4 dxc4 20. e4 Bc6 $14) 16... Qxd6 17. f4 g6 {
Unfortunately it is now way too late to try purging the intruding knight with
the move 17...f6?} (17... f6 $2 18. Bxh7+ $1 Kxh7 19. Qh5+ Kg8 20. Qf7+ Kh7 21.
Rf3 $18) 18. Qg4 (18. e4 dxe4 19. Bxe4 Bxe4 20. Qxe4 Rac8 $11) 18... Nc4 (18...
Qe7 19. Rf3 (19. f5 $2 exf5 20. Bxf5 (20. Rxf5 Bc8 $19) 20... Nc6 $17) 19...
Rac8 20. Rh3 Nc6 (20... Rxc3 21. Rxh7 Kxh7 22. Bxg6+ fxg6 23. Qxg6+ Kh8 24.
Nf7+ Qxf7 25. Qxf7 $16) 21. Rxh7 $1 Nxe5 (21... Kxh7 22. Bxg6+ $18) 22. Qh3
Nxd3 23. Rh8+ Kg7 24. Qh6+ Kf6 25. Rh7 e5 26. fxe5+ Nxe5 27. Rf1+ Ke6 28. dxe5
$16) 19. Qg3 Qc7 $2 {The defence of endangered positions belongs to the very
difficult arts. Often the choice of the good move is a matter of some luck.
Such luck clearly deserted Black when he made the unfortunate queen retreat.} (
19... Nxe5 $1 20. fxe5 Qc7 21. Rfc1 $14) 20. Bxc4 dxc4 21. f5 $1 {[%mdl 128]
Even naked eyes could discover, that White will have great superiority in
numbers on the kingside after opening the position.} f6 (21... exf5 22. Rxf5
Re7 23. Raf1 Rf8 (23... Bd5 24. e4 Be6 25. Rf6 Rae8 26. Qg5 Kg7 27. R1f4 $18)
24. Qg5 a6 25. Ng4 $18) 22. fxg6 fxe5 {It is rather symptomatic, that even the
modest retreat of the queen to g7 did not save the day.} (22... Qg7 23. Rxf6
Qxf6 24. Rf1 Qxf1+ (24... Qg7 25. Rf7 $18) 25. Kxf1 $18) 23. Rf7 Qc6 (23...
Qxf7 24. gxf7+ Kxf7 25. Rf1+ Ke7 26. Qg7+ $18) 24. gxh7+ $1 {The final
combination is very impressive, since it is somewhat minimalistic. Ivanchuk
will use his active major pieces to set up the mating net.} (24. Raf1 Qxg2+ 25.
Qxg2 Bxg2 26. gxh7+ Kh8 27. Kxg2 $16) 24... Kxf7 25. Rf1+ Ke7 26. h8=Q (26.
Qg7+ Kd8 27. h8=Q Rxh8 28. Qxh8+ Qe8 29. Rf8 $18) 26... Rxh8 (26... Qxg2+ 27.
Qxg2 Bxg2 28. Qg7+ Kd6 29. Rf7 $18) 27. Qg7+ Kd6 {Wang Hao chooses the shorter
way to finish the game and offers his opponent the chance for the fine
combination. The banal retreat to the d8-square could certainly have not
compete in terms of beauty.} (27... Kd8 28. Qxh8+ Qe8 29. Rf8 $18) 28. dxe5+ {
It is not so difficult to calculate to the forced mate, the position will most
likely find its way into the manuals on tactics.} (28. dxe5+ Kc5 (28... Kd5 29.
Rd1+ Ke4 30. Rd4+ Kxe3 31. Qg5+ Ke2 32. Qd2#) 29. Qe7+ Kd5 30. Rd1+ Ke4 (30...
Kxe5 31. Qg5+ Ke4 32. Qf4#) 31. Rd4+ Kxe3 32. Qg5+ Ke2 33. Qd2#) 1-0

[Event "Bled/Rogaska Slatina"]
[Site "Bled"]
[Date "1991.??.??"]
[Round "9"]
[White "Djuric, Stefan"]
[Black "Khalifman, Alexander"]
[Result "0-1"]
[WhiteElo "2540"]
[BlackElo "2640"]
[Annotator "Ftacnik,L"]
[PlyCount "70"]
[EventDate "1991.06.??"]
[EventType "tourn"]
[EventRounds "13"]
[EventCountry "SLO"]
[EventCategory "12"]
[SourceTitle "CBM 024"]
[Source "ChessBase"]
[SourceDate "1991.10.01"]
[SourceVersion "1"]
[SourceVersionDate "1991.10.01"]
[SourceQuality "1"]

1. d4 Nf6 2. c4 e6 3. Nf3 b6 4. Nc3 Bb4 5. e3 Bb7 6. Bd3 O-O 7. O-O d5 8. a3
Bd6 9. Qe2 c5 10. dxc5 bxc5 11. e4 $6 (11. Rd1 Nbd7 12. b3 {Mecking,
H-Polugajevsky,L/Luzern m(2)/1977/} Qe7 $10 {Bagirov}) 11... d4 $1 12. Nb5 $6 (
12. e5 dxc3 13. exf6 (13. exd6 Qxd6 14. bxc3 Nbd7 $10) 13... Qxf6 14. Bg5 Bxf3
$1) (12. Nb1 e5 13. Bg5 Nbd7 $10) 12... Be7 13. e5 (13. a4 a6 14. Na3 Nc6 $15)
13... Ne8 14. b4 $6 (14. Be4 Nc6 15. a4 a6 16. Na3 Rb8 $15) 14... a6 15. Nd6
Nxd6 16. exd6 Qxd6 17. bxc5 Qxc5 18. Rb1 Bxf3 $1 (18... Bc6 19. Ne5 Ra7 20. Bd2
$132) 19. Qxf3 Nd7 20. Bf4 (20. Rb7 $6 Ne5 21. Qh3 Nxd3 22. Qxd3 Bf6 $19) 20...
Bd6 21. Rb7 Rad8 22. Qh3 f5 $1 (22... Nf6 23. Bg5) 23. Bg5 Qc6 24. Rfb1 Rb8 25.
Rxb8 Rxb8 26. Rxb8+ Bxb8 27. Bf1 Nc5 28. Bd2 Ne4 29. Be1 Qd6 30. f3 (30. Bd3
Qxa3 $19) 30... d3 $1 31. fxe4 (31. Bxd3 Ba7+ 32. Kh1 Qxd3 33. fxe4 Qf1#) 31...
Ba7+ 32. Bf2 (32. Kh1 Qd4 $19) 32... d2 33. Bxa7 d1=Q 34. exf5 Qf4 35. Bf2 Qxc4
{Ftacnik,L} 0-1

[Event "Interzonal-15"]
[Site "Manila"]
[Date "1990.??.??"]
[Round "2"]
[White "Torre, Eugenio"]
[Black "Kortschnoj, Viktor Lvovich"]
[Result "0-1"]
[WhiteElo "2530"]
[BlackElo "2630"]
[Annotator "Ftacnik,L"]
[PlyCount "76"]
[EventDate "1990.06.29"]
[EventType "swiss"]
[EventRounds "13"]
[EventCountry "PHI"]
[SourceTitle "CBM 019"]
[Source "ChessBase"]
[SourceDate "1990.12.01"]
[SourceVersion "1"]
[SourceVersionDate "1990.12.01"]
[SourceQuality "1"]

1. d4 Nf6 2. c4 e6 3. Nc3 Bb4 4. e3 b6 5. Bd3 Bb7 6. Nf3 O-O 7. O-O d5 8. a3
Bd6 9. b4 (9. cxd5 exd5 10. b4) 9... dxc4 10. Bxc4 Nbd7 11. Bb2 Qe7 (11... a5
12. b5 Qe7 {/\ e5}) 12. Nb5 $1 a6 (12... e5 13. Nxd6 cxd6 14. dxe5 dxe5 15. Qe2
$14) 13. Nxd6 cxd6 14. b5 axb5 (14... e5 $5) 15. Bxb5 Ne4 16. Nd2 $2 (16. Qe2
$14) 16... Nxd2 (16... Qg5 $5 17. d5 (17. Nxe4 Bxe4 18. f3 Qxb5 19. fxe4 Qxb2
$19) (17. Qf3 Qxb5 18. Nxe4 Qxb2) 17... Qxd5 18. Nxe4 Qxe4 19. Qf3 Qxf3 20.
gxf3 Nc5 $17) 17. Qxd2 Bxg2 $1 (17... Qg5 18. d5 Nc5 19. Bc6) 18. Kxg2 (18.
Bxd7 Bf3 19. e4 Qh4 20. Rfc1 Qg4+ 21. Kf1 Qg2+ 22. Ke1 Qg1#) 18... Qg5+ 19. Kh1
Qxb5 $19 20. d5 e5 (20... Qxd5+ 21. Qxd5 exd5 22. Rfd1 $15) 21. Rab1 Qa4 22.
Bc3 Qc4 (22... Qxa3 $2 23. Bb4) 23. Bb4 Nc5 24. f3 (24. Bxc5 bxc5 $19) 24... f5
25. Rg1 Rf6 26. Rbc1 Qh4 27. Qe2 Qh5 28. Rg2 Rg6 29. Rcg1 Rc8 30. Qf1 (30. Rxg6
hxg6 31. Qg2 Kf7 $19) 30... Rxg2 31. Qxg2 Qf7 32. Rd1 (32. e4 $5) 32... Nd3 $1
33. Qd2 (33. Bxd6 Qxd5 34. Bb4 Nf2+ $19) 33... e4 34. Bxd6 Qxd5 35. Bg3 $2 (35.
fxe4 $1 fxe4 36. Bg3 $17) 35... exf3 $1 36. Kg1 Rd8 37. Qc2 h6 38. Qc7 Qa2 $1 {
Ftacnik,L} (38... Qa2 $1 39. Qxd8+ Kh7) 0-1

[Event "Copenhagen Open-03 (Politiken Cup-02)"]
[Site "Copenhagen"]
[Date "1981.06.27"]
[Round "7"]
[White "Brinck Claussen, Bjorn"]
[Black "Pokojowczyk, Jerzy"]
[Result "1-0"]
[WhiteElo "2375"]
[BlackElo "2390"]
[Annotator "Ftacnik,L"]
[PlyCount "47"]
[EventDate "1981.06.20"]
[EventType "swiss"]
[EventRounds "10"]
[EventCountry "DEN"]
[SourceTitle "EXT 2000"]
[Source "ChessBase"]
[SourceDate "1999.11.16"]
[SourceVersion "1"]
[SourceVersionDate "1999.11.16"]
[SourceQuality "1"]

1. d4 Nf6 2. c4 e6 3. Nc3 Bb4 4. e3 O-O 5. Bd3 d5 6. Nf3 b6 7. O-O Bb7 8. cxd5
exd5 9. Ne5 Bd6 10. f4 c5 11. Rf3 Nc6 $2 12. Nxd5 $1 Bxe5 (12... Nxd5 13. Bxh7+
) (12... Nxe5 13. Nxf6+ Qxf6 14. dxe5 Bxf3 15. Qxf3 $16) 13. fxe5 Qxd5 14. exf6
g6 15. Qe1 $2 (15. Qe2 $142 cxd4 16. e4) 15... Ne5 $1 16. dxe5 Qxd3 17. e4 Qxe4
18. Qg3 Rad8 19. Bf4 Qd4+ $6 (19... Qf5 $142 20. Rf2 Rfe8 21. Qh4 (21. Re1 $5)
21... Qh5) 20. Rf2 Kh8 21. Qg5 Qe4 22. Bd2 Bc8 23. Rf4 Qe2 24. Qh6 1-0

[Event "Hastings 9192"]
[Site "Hastings"]
[Date "1991.??.??"]
[Round "8"]
[White "Speelman, Jonathan S"]
[Black "Chandler, Murray G"]
[Result "1-0"]
[WhiteElo "2630"]
[BlackElo "2605"]
[Annotator "Ftacnik,L"]
[PlyCount "57"]
[EventDate "1991.12.??"]
[EventType "tourn"]
[EventRounds "14"]
[EventCountry "ENG"]
[EventCategory "14"]
[SourceTitle "CBM 027"]
[Source "ChessBase"]
[SourceDate "1992.04.01"]
[SourceVersion "1"]
[SourceVersionDate "1992.04.01"]
[SourceQuality "1"]

1. d4 Nf6 2. c4 e6 3. Nc3 Bb4 4. e3 O-O 5. Nf3 b6 6. Bd3 Bb7 7. O-O d5 8. a3
Bd6 9. b3 {N} (9. cxd5 exd5 10. b4 Ne4 11. Qb3 Nxc3 12. Qxc3 Qe7 13. Bb2 Nd7
14. b5 a6 15. a4 axb5 16. axb5 Nf6 17. Ne5 Ne4 $132 {Gavrikov,V-Salov,V/URS-FL
Irkutsk/1986/}) (9. b4 dxc4 10. Bxc4 Nbd7 11. Nb5 a6 12. Nxd6 cxd6 13. Bb2 b5
14. Bd3 Nb6 15. Rc1 Be4 16. Be2 Qe7 17. Nd2 Bg6 18. f3 Rac8 19. e4 d5 $13 {
Morovic,I-Kortchnoi,V/Santiago m/1991/}) 9... Nbd7 (9... c5 10. Bb2 Nbd7) 10.
Nb5 Be7 11. Bb2 c5 (11... c6 12. Nc3 c5 $13) (11... a6 12. Nc3 c5 $13) 12. Re1
Ne4 13. Qc2 f5 (13... a6 14. Nc3 f5 15. cxd5 exd5 16. dxc5) 14. Rad1 a6 15. Nc3
Bd6 (15... Rc8 $5 16. dxc5 Ndxc5 17. Bf1 $14) 16. dxc5 Ndxc5 17. cxd5 exd5 18.
b4 (18. Bf1 Nf6 $14 (18... Bc7 $6 19. Nxd5 Bxd5 20. Rxd5 Qxd5 21. Bc4 $18))
18... Ne6 (18... Nxd3 19. Rxd3 Rc8 20. Qb3 Nxc3 21. Bxc3 $14) 19. Qb3 Nxc3 (
19... Bc7 $2 20. Nxe4 fxe4 21. Bxe4 $18) 20. Bxc3 Rc8 21. Nd4 (21. Bxa6 $2 Bxa6
22. Qxd5 Bxh2+ 23. Nxh2 Qxd5 24. Rxd5 Rxc3 $19) 21... Nxd4 22. Bxd4 Qc7 23. g3
Be5 $2 (23... b5 24. Rc1 Qe7 $16) 24. Bxa6 $1 Bxa6 (24... Bxd4 25. Bxb7 $18)
25. Qxd5+ Rf7 (25... Qf7 26. Qxe5 $18) 26. Bxe5 Qc2 (26... Qc6 27. Qxc6 Rxc6
28. Rd8+ Rf8 29. Rd7 Rf7 30. Red1 $18) 27. Qe6 Qe4 (27... Bb7 28. Rd7 Qc4 29.
Rd8+ Rxd8 30. Qxc4 $18) 28. Rd7 Bc4 (28... Rcf8 29. Rxf7 Rxf7 30. Rd1 $18) 29.
Rc1 $1 {Ftacnik,L} (29. Rc1 $1 Bxe6 30. Rxc8+ Rf8 31. Rxg7+ Kh8 32. Rxf8+ Bg8
33. Rgxg8#) 1-0

[Event "Copenhagen Open-04 (Politiken Cup-03)"]
[Site "Copenhagen"]
[Date "1982.06.??"]
[Round "7"]
[White "Portisch, Ferenc"]
[Black "Jakobsen, Ole"]
[Result "0-1"]
[WhiteElo "2410"]
[BlackElo "2410"]
[Annotator "Ftacnik,L"]
[PlyCount "36"]
[EventDate "1982.06.??"]
[EventType "swiss"]
[EventRounds "10"]
[EventCountry "DEN"]
[SourceTitle "EXT 2000"]
[Source "ChessBase"]
[SourceDate "1999.11.16"]
[SourceVersion "1"]
[SourceVersionDate "1999.11.16"]
[SourceQuality "1"]

1. d4 Nf6 2. c4 e6 3. Nc3 Bb4 4. e3 O-O 5. Bd3 d5 6. Nf3 b6 7. O-O Bb7 8. Bd2
dxc4 (8... Nbd7 9. Nxd5 $1) 9. Bxc4 c5 10. a3 Bxc3 11. Bxc3 Ne4 12. Be1 $6 Nd7
13. Qe2 Ng5 $1 14. Ne5 (14. Nxg5 Qxg5 15. f4 (15. f3 cxd4) 15... Qg6) 14...
cxd4 15. exd4 Nxe5 16. dxe5 $4 Nf3+ $1 17. Kh1 (17. gxf3 Qg5+ 18. Kh1 Qg4)
17... Qh4 18. h3 Qf4 0-1

[Event "Igualada"]
[Site "Igualada"]
[Date "2005.08.21"]
[Round "4"]
[White "Beliavsky, Alexander G"]
[Black "Kortschnoj, Viktor Lvovich"]
[Result "1-0"]
[WhiteElo "2599"]
[BlackElo "2615"]
[Annotator "Gavrikov,V"]
[PlyCount "115"]
[EventDate "2005.08.17"]
[EventType "tourn"]
[EventRounds "6"]
[EventCountry "ESP"]
[EventCategory "16"]
[SourceTitle "CBM 109"]
[Source "ChessBase"]
[SourceDate "2005.11.14"]
[SourceVersion "1"]
[SourceVersionDate "2005.11.14"]
[SourceQuality "1"]

1. d4 Nf6 2. c4 e6 3. Nc3 Bb4 4. e3 d5 {An unusual move order.} 5. Nf3 ({After
} 5. a3 Be7 6. Nf3 O-O 7. Bd3 {Black can react with} c5 8. O-O cxd4 9. exd4
dxc4 10. Bxc4 Nbd7 {planning Nb6 and Bd7-c6,for example:} 11. Re1 Nb6 12. Ba2
Bd7 13. Ne5 Bc6 14. Nxc6 (14. Re3 Qd6 $5) 14... bxc6 15. Be3 Nbd5 16. Rc1 Nxe3
17. fxe3 c5 $11 {1/2-1/2 Koskinen,H-Paavilainen,J/Finland 1994/EXT 98 (25)})
5... O-O 6. Bd3 b6 7. cxd5 exd5 8. O-O Bb7 9. a3 ({Another popular plan is} 9.
Ne5 {followed by f2-f4.}) 9... Bd6 10. b4 {White´s idea is to prepare by Bb2
the advance b4-b5,which allows to isolate the d5-pawn.} a6 ({The common reply
although quite possible is} 10... Ne4 11. Qb3 Nxc3 12. Qxc3 Qe7 13. Bb2 Nd7 14.
b5 a6 15. a4 axb5 16. axb5 Nf6 17. Ne5 Ne4 18. Qc2 Qg5 19. Rfe1 Qh6 20. f3 Rxa1
21. Bxa1 Ng5 {1/2-1/2 Gavrikov,V-Salov,V/Irkutsk 1986/TD (28)}) 11. Qb3 Qe7 ({
To approximately equal position leads} 11... Nbd7 12. a4 Qe7 13. Ba3 Rfd8 14.
b5 Bxa3 15. bxa6 Bxa6 16. Bxa6 Rxa6 17. Rxa3 c6 18. Ra2 Rda8 19. Rc1 h6 20.
Rac2 Qd6 (20... c5 $5) 21. Nd2 Qe6 22. h3 {1-0 Jussupow,A-Benjamin,J/Amsterdam
1994/CBM 043/(42)}) 12. b5 ({An interesting idea which needs further
investigation is} 12. Rb1 Nbd7 13. a4 Ne4 14. Nxd5 $5 (14. b5 Ndf6 $5 15. bxa6
Bxa6 $11 {0-1 Kharitonov,A-Iljin,A/Peniscola 2002/CBM 090 ext (33)}) 14... Bxd5
15. Qxd5 Nc3 16. Qb3 Nxb1 17. Qxb1 g6 18. b5 axb5 19. axb5 Qe6 20. e4 $5 $44 {
1-0 Onischuk,A-Yermolinsky,A/Las Vegas 2001/EXT 2002 (39)}) 12... axb5 13. Nxb5
Nc6 ({More solid reputation has the continuation} 13... Nbd7 14. a4 c5 15. Ba3
Ba6 16. Rfb1 g6 17. Qd1 Bxb5 18. Bxb5 c4 19. Bxd6 Qxd6 $11 {1/2-1/2 Beliavsky,
A-Hracek,Z/Polanica Zdroj 1996/CBM 055 (56)}) 14. Nxd6 Qxd6 15. a4 Rfe8 ({
An alternative was} 15... Na5 16. Qc2 Qc6 $5 (16... Rfe8 17. Ba3 Qc6 $6 18.
Rfc1 $14 {1-0 Knaak,R-Rantanen,Y/Jyvaskyla 1994/EXT 97 (33)}) 17. Qxc6 Bxc6 18.
Bb2 Ne4) 16. Ba3 Qd8 17. Rfc1 Na5 18. Qc2 Ba6 19. Bxa6 Rxa6 20. Nd2 ({
Certainly not} 20. Ne5 $6 c5) 20... c6 ({Black cannot parry the threat of Qxc7
by} 20... Ne4 $2 {because of} 21. Nxe4 dxe4 22. Qxc7 Nb3 23. Qc4 $1) 21. Bb4
Re6 22. Ra3 {[%cal Ga3c3] Intending to increase the pressure on c6-pawn.} Nd7 {
The passive defence.} ({Deserved attention} 22... Qa8 $5 23. Bxa5 $140 ({or} 
23. Rc3 Nc4 24. Nxc4 dxc4 25. Rxc4 Rxa4) 23... Rxa5 24. Rc3 Rxa4 25. Rxc6 Rxc6
26. Qxc6 Ra1 {and Black would not have many problems drawing.}) 23. Rc3 Nb8 24.
e4 $1 Ra8 ({White maintains the initiative after} 24... dxe4 25. Nxe4 Nb7 26.
Rd1 Qd5 27. Ng3) 25. e5 ({Perhaps stronger was} 25. Bxa5 $5 Rxa5 26. e5 f6 27.
f4 fxe5 28. fxe5 $14) 25... Nb7 26. f4 Rh6 27. Nf3 Na6 28. Ba3 c5 (28... Na5
29. f5 Nc4 {was possible too.}) 29. f5 Qe8 30. Rd1 Nb4 31. Bxb4 cxb4 32. Rc7
Na5 33. f6 $1 {Preventing the manoeuvre Rh6-c6.} gxf6 $1 ({Bad is} 33... Nc4 $2
34. Re7 $1 Qc6 ({or} 34... Qd8 35. e6 $1 Rxf6 36. exf7+ Rxf7 37. Rxf7 Ne3 (
37... Kxf7 38. Qf5+ Kg8 39. Ng5 $18) 38. Qc6 Nxd1 (38... Kxf7 39. Ne5+ Kf8 40.
Qb7 Kg8 41. Qf7+ Kh8 42. Qf3 $18) 39. Qb7 Qe8 40. Rxg7+ Kf8 41. Ne5 Rb8 42.
Rf7+ Kg8 43. Qxd5 $18) 35. e6 $1 gxf6 (35... Rxf6 36. exf7+ Rxf7 $140 37. Ng5
$1) 36. exf7+ Kg7 37. Rde1 Rf8 38. R1e6 Qa8 (38... Qc8 39. Qf2 $1 Rxf7 40. Re8
Qc7 41. Nh4 $18) 39. Qf2 $1 {[%cal Gf3h4,Gh4f5]} Rxf7 40. Qg3+ Rg6 41. Qc7 Rxe7
42. Rxe7+ Kf8 (42... Kg8 43. Qd7) 43. Nh4 Rg5 44. Nf5 $1 {with decisive
threats.}) 34. Qd2 $5 ({After} 34. Qc1 Rg6 35. Nh4 fxe5 (35... Rg5 $2 36. exf6
h6 37. Nf5 $1 Rxf5 38. Qxh6 Qf8 39. Qh4 $18) 36. Nxg6 hxg6 37. dxe5 Qxe5 38.
Rd7 Nb3 39. Qc6 Qe3+ 40. Kh1 Re8 41. h3 Qf2 42. Qxd5 Re2 {is far from clear if
White can do more than draw.}) 34... Rg6 35. Qxb4 ({Better was instead} 35. Nh4
$5 Nc4 (35... fxe5 36. Nxg6 hxg6 37. dxe5 Qxe5 38. Rd7) (35... Qd8 36. Nxg6
Qxc7 37. Nf4 Qc6 38. exf6) 36. Qf2 Qd8 (36... fxe5 $2 37. Nxg6 hxg6 38. dxe5
Nxe5 39. Re1 Qd8 40. Rb7 Nd7 41. h4 $1) 37. Rc6 fxe5 38. Nxg6 hxg6 39. dxe5
Nxe5 40. Rxb6 Rxa4 41. Rb5 $14) 35... Nc4 36. Re1 fxe5 37. Nxe5 Re6 38. Rf1 (
38. Qb3 Nxe5 39. dxe5 Rxa4 40. Qxd5 Ra5 41. Qf3 Rc5 $1 (41... Raxe5 $4 42. Rxe5
Rxe5 43. Qg4+ Kf8 44. Rc8 $18) 42. Ra7 Ra5 $11) 38... Nxe5 39. dxe5 Rxa4 40.
Qb3 Rc4 41. Rb7 Qc8 $6 ({Simpler is} 41... Re4 42. Qf3 Re7 43. Rxb6 R4xe5 44.
Rd6 $11) 42. Rbxf7 Qc5+ $2 ({Correct was the immediate} 42... Rc1 43. Qxd5 $140
(43. Qg3+ Rg6) 43... Qc5+ 44. Qxc5 Rxc5 45. Rf8+ Kg7 46. R1f7+ Kg6 47. Rf6+
Rxf6 48. Rxf6+ Kg5 49. Rxb6 Rxe5 $11) 43. Kh1 Rc1 44. Qh3 ({More precise is} 
44. Qg3+ Rg6 45. Qh3 Rxf1+ 46. Rxf1 Qe7 47. Qf3) 44... Rxf1+ 45. Rxf1 Qe7 46.
Qg4+ Rg6 $2 {Loses a pawn.} (46... Kh8 $1) 47. Qf3 Kg7 48. Qxd5 Rg5 $6 (48...
Re6 $142 49. Rf5 Qe8) 49. Re1 Rf5 50. h3 Qf7 51. Qb5 Qe6 52. Kh2 Rf2 53. Rd1
Rf5 54. Rd5 Qh6 $2 {The final mistake.} (54... h5 $16) 55. Qd7+ Rf7 56. Qg4+
Qg6 57. Qd4 Kg8 (57... Re7 58. e6+ Kg8 59. Rd8+ Re8 60. Qd7 Rxd8 61. Qxd8+ Kg7
62. e7 $18) 58. e6 $1 (58. e6 $1 Qxe6 59. Rg5+ Kf8 60. Qd8+ $18) 1-0